| 000 | 01622nam1a2200313 i 4500 | ||
|---|---|---|---|
| 001 | RU\NLR\bibl\1101680 | ||
| 005 | 20260406073211.0 | ||
| 010 | _a978-5-7755-1180-7 | ||
| 035 | _a(NLR Aleph) 001088770 | ||
| 090 |
_a1104943 _c1104943 |
||
| 100 | _a20070622g20079999e y0rusy50 ca | ||
| 101 | 0 | _arus | |
| 102 | _aRU | ||
| 105 | _a||||j ||||| | ||
| 200 | 1 |
_aЭкономика _eосновы экономической теории _eв 2-х кн. _eучебник для 10-11 классов общеобразовательных учреждений _eпрофильный уровень образования _f[подгот. д.э.н., проф. С.И. Иванов и др.] _gпод ред. д.э.н., проф. С.И. Иванова |
|
| 205 | _a10-е изд. | ||
| 210 |
_aМосква _cВита-Пресс _d2007 |
||
| 215 | _d22 | ||
| 311 | _aПредыдущ. изд. учеб. выходили под назв. "Основы экономической теории" | ||
| 463 | 0 | _10011093215 | |
| 488 | 0 |
_12001#$aОсновы экономической теории _tОсновы экономической теории |
|
| 606 | 1 |
_aЭкономика _jУчебники для средней школы _xТеория _91565397 _3RU\NLR\auth\66985247 |
|
| 686 | _aУ010я72 | ||
| 702 | 1 |
_4220 _7ca _8rus _aИванов _bС. И. _cд-р экон. наук, экон. теория _f1927- _gСергей Иванович _914205 _3RU\NLR\auth\7731194 |
|
| 801 | 0 |
_aRU _bNLR _c20070622 _gRCR |
|
| 801 | 1 |
_aRU _bNLR _c20070622 |
|
| 852 |
_aNLR _j2007-5/4938 |
||
| 942 | _cBOOK | ||